| 000 | 01110nam a22002777a 4500 | ||
|---|---|---|---|
| 001 | 9495 | ||
| 003 | FISKH | ||
| 005 | 20260115095250.0 | ||
| 008 | 260115b cb ||||| |||| 00| 0 eng d | ||
| 040 |
_aFISKH _beng _cFISKH _dFISKH |
||
| 050 | _aPZ7.R547 H | ||
| 082 | _a813.5 | ||
| 100 |
_aRobertson, Keith _eAuthor |
||
| 245 |
_aHenry Reed, baby-sitter / _cby Keith Robertson ; illustrated by Harry J. Schaare |
||
| 260 |
_aChicago : _bScience Research Associates , _c1966 |
||
| 300 |
_a24 pages : _bcolor illustrations ; _c21 cm |
||
| 505 | _aR | ||
| 520 | _aHow can Henry Reed earn some money this summer? It's easy, he decides. Baby-sit! So Henry and his friend, Midge Glass, advertise their services as baby-sitters. Henry is happy when the Wittenbergs ask him to sit with their four-year-old son. But then Henry meets Danny Wittenberg... | ||
| 521 | 8 |
_a770
_bLexile estimate |
|
| 521 | 8 |
_aR
_bRaz-Plus |
|
| 650 |
_aChildren's fiction _vChildren's literature |
||
| 650 |
_aBabysitting _vRealistic fiction |
||
| 700 |
_aSchaare, Harry J. _eIllustrator |
||
| 942 |
_2ddc _cBK _n0 |
||
| 999 |
_c9495 _d9495 |
||